Teams that Beat Romania in Football - Statistics

General Stats
  • This quiz has been taken 20 times
  • The average score is 17 of 22
Answer Stats
Tournament Stage Score Team % Correct
Euro 2016 Group Stage 1-2 France
95%
Euro 1996 Group Stage 0-1 France
95%
Euro 2024 Round of 16 0-3 Netherlands
95%
Euro 2008 Group Stage 0-2 Netherlands
95%
Euro 2024 Group Stage 0-2 Belgium
90%
World Cup 1970 Group Stage 2-3 Brazil
90%
Euro 2000 Quarterfinals 0-2 Italy
90%
World Cup 1970 Group Stage 0-1 England
85%
Euro 2000 Group Stage 0-1 Portugal
85%
Euro 1984 Group Stage 0-1 Portugal
85%
Euro 1996 Group Stage 1-2 Spain
85%
Euro 1996 Group Stage 0-1 Bulgaria
75%
World Cup 1994 Quarterfinals 2-2 (PK) Sweden
75%
World Cup 1930 Group Stage 0-4 Uruguay
75%
Euro 1984 Group Stage 1-2 West Germany
75%
Euro 2016 Group Stage 0-1 Albania
65%
World Cup 1998 Round of 16 0-1 Croatia
65%
World Cup 1990 Round of 16 0-0 (PK) Ireland
65%
World Cup 1994 Group Stage 1-4 Switzerland
65%
World Cup 1990 Group Stage 1-2 Cameroon
45%
World Cup 1934 Round of 16 1-2 Czechoslovakia
40%
World Cup 1938 Round of 16 3-3 (PK) Cuba
25%
No matching quizzes found
Score Distribution
Percent of People with Each Score
Percentile by Number Answered
Your Score History
You have not taken this quiz